| 000 | 00737nam a22002295a 4500 | ||
|---|---|---|---|
| 008 | 170122s2016 nyua|||frb||| 001 0 eng d | ||
| 020 | _a1681170337 | ||
| 020 | _a9781681170336 | ||
| 040 |
_aEG-ScBUE _beng _cEG-ScBUE |
||
| 082 | 0 | 4 |
_222 _a662.88 _bSUS |
| 245 | 0 | 0 |
_aSustainable bioenergy production / _cEditor, Veer Pratap Singh. |
| 260 |
_aValley Cottage, New York : _bSCITUS Academics LLC, _cc.2016. |
||
| 300 |
_a313 p. : _bill. ; _c19 cm. |
||
| 500 | _aIndex : p. 309-313. | ||
| 504 | _aIncludes bibliographical references. | ||
| 590 | _aWessam | ||
| 650 | 7 |
_2BUEsh _911612 _aBiomass energy. |
|
| 651 | _2BUEsh | ||
| 653 |
_bENGPET _cJanuary2017 |
||
| 700 | 1 |
_941787 _aSingh, Veer Pratap _eeditor. |
|
| 942 |
_2ddc _e22 _k662.88 SUS |
||
| 999 |
_c23990 _d23962 |
||